[Event "Quebec-ch U12"]
[Site "Montreal CAN"]
[Date "2017.03.05"]
[Round "5"]
[White "Arcand, Louis"]
[Black "Hall, Arturo"]
[Result "1-0"]
[WhiteElo "1271"]
[BlackElo "1136"]
[WhiteFideId "-1"]
[WhiteFideId "-1"]
[PlyCount "145"]
[GameId "2160767908478317"]
[EventDate "2017.03.04"]
[EventType "swiss"]
[EventRounds "5"]
[EventCountry "CAN"]
[SourceTitle "EXT 2022"]
[Source "ChessBase"]
[SourceDate "2021.10.06"]
[SourceVersion "1"]
[SourceVersionDate "2021.10.06"]
[SourceQuality "1"]

1. d4 d5 2. c4 c6 3. Nc3 Nf6 4. Bg5 Nbd7 5. Nf3 h6 6. Bh4 e6 7. e3 Bb4 8. Ne5 O-O 9. Qc2 Be7 10. Nf3 b6 11. e4 Bb7 12. Bd3 g6 13. e5 Ne8 14. Bxe7 Qxe7 15. O-O Ng7 16. Qd2 Kh7 17. h3 Rh8 18. Nh2 Qg5 19. Qxg5 hxg5 20. Ng4 Nf5 21. Bxf5 gxf5 22. Ne3 f6 23. cxd5 cxd5 24. f4 gxf4 25. Rxf4 fxe5 26. dxe5 Nxe5 27. Rd4 Nf7 28. Rc1 Kg7 29. Rd2 Rad8 30. Nb5 Ra8 31. Rc7 Rhb8 32. Nd6 Kg8 33. Nxb7 Ng5 34. Rdc2 a5 35. Re7 Kf8 36. Rcc7 Rc8 37. Nd6 Rxc7 38. Rxc7 Ne4 39. Nxe4 dxe4 40. Rc6 Kf7 41. Rxb6 a4 42. Nc4 Kf6 43. g4 Rg8 44. Ne3 fxg4 45. Nxg4+ Kf5 46. Rb5+ Kf4 47. Rb4 Ra8 48. b3 axb3 49. axb3 Kg3 50. Ra4 Rd8 51. Ra1 Kxh3 52. Nf2+ Kg3 53. Nxe4+ Kf4 54. Nc5 Rg8+ 55. Kf2 Kf5 56. b4 Rb8 57. Ra5 e5 58. b5 Kf6 59. Nd7+ Ke6 60. Nxb8 Kd6 61. b6 e4 62. b7 Kc7 63. Ke3 Kxb7 64. Kxe4 Kxb8 65. Rh5 Kc7 66. Rh6 Kd7 67. Ke5 Kc7 68. Kd5 Kb7 69. Kc5 Kc7 70. Rh7+ Kd8 71. Kd6 Ke8 72. Ra7 Kf8 73. Ke6 1-0

[Event "Quebec-ch U12"]
[Site "Montreal CAN"]
[Date "2017.03.05"]
[Round "5"]
[White "Cossette-Labbe, Raphael"]
[Black "Blanco, Rafael"]
[Result "0-1"]
[WhiteElo "1008"]
[BlackElo "1008"]
[WhiteFideId "-1"]
[WhiteFideId "-1"]
[PlyCount "104"]
[GameId "2160767908478318"]
[EventDate "2017.03.04"]
[EventType "swiss"]
[EventRounds "5"]
[EventCountry "CAN"]
[SourceTitle "EXT 2022"]
[Source "ChessBase"]
[SourceDate "2021.10.06"]
[SourceVersion "1"]
[SourceVersionDate "2021.10.06"]
[SourceQuality "1"]

1. e3 e5 2. d4 Nc6 3. Nf3 e4 4. Nfd2 Nf6 5. Nc3 Bb4 6. Nc4 d5 7. Ne5 O-O 8. Bd2 Nxe5 9. dxe5 Nd7 10. Nxd5 Bxd2+ 11. Qxd2 Nxe5 12. O-O-O Be6 13. Qc3 Qg5 14. Qxc7 b6 15. f4 exf3 16. Ne7+ Kh8 17. Rg1 Qxe3+ 18. Kb1 Qxg1 19. Qxe5 Qc5 20. Nd5 Rad8 21. c4 Bxd5 22. cxd5 Qd6 23. Qe4 Qg6 24. Qxg6 fxg6 25. d6 f2 26. d7 Rf7 27. Rd2 Rdxd7 28. Rxd7 Rxd7 29. Be2 Rf7 30. Kc2 f1=Q 31. Bxf1 Rxf1 32. Kc3 Rf2 33. g3 Rxh2 34. b3 Rxa2 35. b4 b5 36. Kb3 Rg2 37. g4 Rxg4 38. Kc3 Kg8 39. Kb3 Kf7 40. Kc3 Ke6 41. Kb3 Rg3+ 42. Kc2 Ke5 43. Kd2 Ke4 44. Ke2 Rg2+ 45. Ke1 Ra2 46. Kd1 Ke3 47. Kc1 Kd3 48. Kb1 Rh2 49. Kc1 Rg2 50. Kb1 Kc3 51. Ka1 Kb3 52. Kb1 Rg1# 0-1

[Event "Quebec-ch U12"]
[Site "Montreal CAN"]
[Date "2017.03.05"]
[Round "5"]
[White "Cracuin, David"]
[Black "Laroche, Hugo"]
[Result "1-0"]
[WhiteElo "1566"]
[BlackElo "1339"]
[WhiteFideId "-1"]
[WhiteFideId "-1"]
[PlyCount "31"]
[GameId "2160767908478319"]
[EventDate "2017.03.04"]
[EventType "swiss"]
[EventRounds "5"]
[EventCountry "CAN"]
[SourceTitle "EXT 2022"]
[Source "ChessBase"]
[SourceDate "2021.10.06"]
[SourceVersion "1"]
[SourceVersionDate "2021.10.06"]
[SourceQuality "1"]

1. d4 d5 2. e3 Nf6 3. Bd3 e6 4. f4 c5 5. c3 Nc6 6. Nf3 Bd7 7. Nbd2 Be7 8. O-O O-O 9. Ne5 Qc7 10. Qf3 a6 11. g4 Ne8 12. g5 f6 13. Bxh7+ Kh8 14. Qh5 fxe5 15. Bg6+ Kg8 16. Qh7# 1-0

[Event "Quebec-ch U12"]
[Site "Montreal CAN"]
[Date "2017.03.05"]
[Round "5"]
[White "Sui, Yu Shun"]
[Black "Farahdel, Anahita"]
[Result "1-0"]
[WhiteElo "1322"]
[BlackElo "1071"]
[WhiteFideId "-1"]
[WhiteFideId "-1"]
[PlyCount "115"]
[GameId "2160767908478320"]
[EventDate "2017.03.04"]
[EventType "swiss"]
[EventRounds "5"]
[EventCountry "CAN"]
[SourceTitle "EXT 2022"]
[Source "ChessBase"]
[SourceDate "2021.10.06"]
[SourceVersion "1"]
[SourceVersionDate "2021.10.06"]
[SourceQuality "1"]

1. e4 e5 2. Nf3 Nc6 3. Nc3 Nf6 4. Bc4 Bc5 5. Ng5 O-O 6. d3 d6 7. Qf3 Bg4 8. Qg3 h6 9. Nxf7 Rxf7 10. Bxf7+ Kxf7 11. Be3 Bd4 12. O-O Qd7 13. Bxd4 Nxd4 14. f3 Be6 15. Qf2 Ke7 16. b3 d5 17. f4 Ng4 18. Qd2 dxe4 19. Nxe4 Bd5 20. Kh1 Bxe4 21. dxe4 Nxh2 22. Rfd1 c5 23. Kxh2 Qg4 24. fxe5 Rd8 25. Qf2 Rf8 26. Qg3 Qxe4 27. Re1 Qc6 28. Rf1 Rf5 29. Qxg7+ Ke8 30. Rxf5 Nxf5 31. Qf6 Qxf6 32. exf6 Kf7 33. g4 Ne3 34. Kg3 Kxf6 35. Kf3 Nxc2 36. Rh1 Kg6 37. Kf4 Nd4 38. Re1 b5 39. Re4 a5 40. Re8 Kf6 41. Ra8 Nc6 42. Ra6 Ke7 43. Rxc6 c4 44. bxc4 b4 45. Rxh6 a4 46. g5 b3 47. axb3 axb3 48. Rb6 b2 49. Rxb2 Kd7 50. g6 Ke7 51. Kf5 Kf8 52. c5 Ke8 53. c6 Kd8 54. g7 Kc7 55. g8=Q Kxc6 56. Rc2+ Kb7 57. Qb3+ Ka7 58. Ra2# 1-0

[Event "Quebec-ch U12"]
[Site "Montreal CAN"]
[Date "2017.03.05"]
[Round "5"]
[White "Tsukerman, Julia"]
[Black "Yu, Daniel-Tianqi"]
[Result "0-1"]
[WhiteElo "1534"]
[BlackElo "1632"]
[WhiteFideId "-1"]
[WhiteFideId "-1"]
[PlyCount "58"]
[GameId "2160767908478321"]
[EventDate "2017.03.04"]
[EventType "swiss"]
[EventRounds "5"]
[EventCountry "CAN"]
[SourceTitle "EXT 2022"]
[Source "ChessBase"]
[SourceDate "2021.10.06"]
[SourceVersion "1"]
[SourceVersionDate "2021.10.06"]
[SourceQuality "1"]

1. e4 e5 2. Nf3 Nc6 3. Bb5 a6 4. Ba4 Nf6 5. d3 Be7 6. Bxc6 bxc6 7. Nxe5 Bb7 8. O-O O-O 9. Nc3 Re8 10. Nf3 d5 11. e5 Nd7 12. Ne2 Bf8 13. Bf4 c5 14. c3 d4 15. cxd4 Bxf3 16. gxf3 cxd4 17. Nxd4 Qh4 18. Qd2 g5 19. Be3 Nxe5 20. Kg2 Bd6 21. h3 Qh5 22. Qd1 Qg6 23. Kh1 c5 24. Nb3 Qf5 25. Kg2 Nxd3 26. Qd2 Re6 27. Rad1 Rf6 28. Qe2 Qe5 29. Rh1 Nf4+ 0-1

[Event "Quebec-ch U12"]
[Site "Montreal CAN"]
[Date "2017.03.05"]
[Round "5"]
[White "Zheng, Richard"]
[Black "Omichi, Haruaki"]
[Result "1-0"]
[WhiteElo "1800"]
[BlackElo "1624"]
[WhiteFideId "-1"]
[WhiteFideId "-1"]
[PlyCount "119"]
[GameId "2160767908478322"]
[EventDate "2017.03.04"]
[EventType "swiss"]
[EventRounds "5"]
[EventCountry "CAN"]
[SourceTitle "EXT 2022"]
[Source "ChessBase"]
[SourceDate "2021.10.06"]
[SourceVersion "1"]
[SourceVersionDate "2021.10.06"]
[SourceQuality "1"]

1. d4 d5 2. c4 dxc4 3. e3 e5 4. Bxc4 exd4 5. exd4 Nc6 6. Nf3 Bg4 7. Be3 Bb4+ 8. Nc3 Nf6 9. O-O O-O 10. h3 Bxf3 11. Qxf3 Nxd4 12. Qxb7 Bc5 13. Bxd4 Qxd4 14. Bb3 Bb6 15. Rad1 Qf4 16. Nd5 Nxd5 17. Qxd5 Qf6 18. Qd2 Rad8 19. Qc2 Rd6 20. Rxd6 Qxd6 21. Rd1 Qc5 22. Qe2 Qc6 23. Qe7 Qe8 24. Qxe8 Rxe8 25. Rd7 Rf8 26. g4 g6 27. g5 c5 28. Kg2 Kg7 29. Kg3 Kg8 30. Bc4 Kg7 31. a4 Kg8 32. h4 Kg7 33. b3 Kg8 34. f4 Kg7 35. Kg4 Kg8 36. f5 gxf5+ 37. Kxf5 Kg7 38. h5 Kg8 39. g6 hxg6+ 40. hxg6 Kg7 41. Bxf7 a5 42. Rd6 Bd8 43. Rd3 Rh8 44. Rd7 Rf8 45. Ke6 Bf6 46. Kf5 Bd8 47. Ra7 Kh8 48. Ke6 Kg7 49. Be8+ Kg8 50. Bf7+ Kg7 51. Kd5 Bf6 52. Rxa5 Bd4 53. Rxc5 Bxc5 54. Kxc5 Rb8 55. a5 Ra8 56. b4 Rc8+ 57. Kb5 Rb8+ 58. Ka4 Kf6 59. a6 Rb6 60. Ka5 1-0

[Event "Quebec-ch U12"]
[Site "Montreal CAN"]
[Date "2017.03.05"]
[Round "5"]
[White "Zhong, Ziyi"]
[Black "Richard, Leo"]
[Result "0-1"]
[WhiteElo "1253"]
[BlackElo "1621"]
[WhiteFideId "-1"]
[WhiteFideId "-1"]
[PlyCount "124"]
[GameId "2160767908478323"]
[EventDate "2017.03.04"]
[EventType "swiss"]
[EventRounds "5"]
[EventCountry "CAN"]
[SourceTitle "EXT 2022"]
[Source "ChessBase"]
[SourceDate "2021.10.06"]
[SourceVersion "1"]
[SourceVersionDate "2021.10.06"]
[SourceQuality "1"]

1. e4 c5 2. Nf3 Nc6 3. d4 cxd4 4. Nxd4 e5 5. Nb5 d6 6. Be3 Nf6 7. Bg5 a6 8. N5c3 b5 9. Nd5 Be6 10. Nbc3 b4 11. Bxf6 gxf6 12. Ne2 Be7 13. c3 bxc3 14. Nexc3 Nd4 15. Ne2 Bxd5 16. exd5 Qa5+ 17. Nc3 Rc8 18. Bd3 Nb5 19. Bxb5+ axb5 20. O-O b4 21. Qa4+ Qxa4 22. Nxa4 O-O 23. Rac1 f5 24. Nb6 Rc5 25. Rxc5 dxc5 26. Rd1 Rd8 27. Nc4 Bd6 28. b3 Kf8 29. f3 Ke7 30. a3 bxa3 31. Nxa3 Rb8 32. Rd3 h6 33. Nc4 e4 34. Re3 Bf4 35. Re2 Rxb3 36. fxe4 Rc3 37. exf5+ Kf6 38. Nb6 Be3+ 39. Kf1 Rc1+ 40. Re1 Rxe1+ 41. Kxe1 Kxf5 42. d6 Ke6 43. d7 Bg5 44. Ke2 Bd8 45. Na4 Kd5 46. Kd3 c4+ 47. Kc3 Ba5+ 48. Kc2 Kc6 49. Nb2 c3 50. Na4 Kxd7 51. Nxc3 Ke6 52. Ne2 Kf5 53. Kd3 Bc7 54. h3 Bb6 55. g3 Bf2 56. Nd4+ Kf6 57. g4 Bxd4 58. Kxd4 Kg5 59. Ke4 Kh4 60. Kf4 f6 61. Kf5 Kxh3 62. Kf4 Kg2 0-1

[Event "Quebec-ch U14"]
[Site "Montreal CAN"]
[Date "2017.03.04"]
[Round "1"]
[White "Yu, Xi Ming"]
[Black "Durette, Francis"]
[Result "0-1"]
[WhiteElo "1560"]
[BlackElo "2156"]
[WhiteFideId "-1"]
[WhiteFideId "-1"]
[PlyCount "110"]
[GameId "2160767908478325"]
[EventDate "2017.03.04"]
[EventType "swiss"]
[EventRounds "5"]
[EventCountry "CAN"]
[SourceTitle "EXT 2022"]
[Source "ChessBase"]
[SourceDate "2021.10.06"]
[SourceVersion "1"]
[SourceVersionDate "2021.10.06"]
[SourceQuality "1"]

1. e4 e5 2. Nf3 Nc6 3. Nc3 Nf6 4. d4 exd4 5. Nxd4 Bb4 6. Nxc6 bxc6 7. Bd3 O-O 8. O-O d5 9. exd5 cxd5 10. Bg5 c6 11. Qf3 Rb8 12. Qg3 Bd6 13. Qh4 h6 14. Bxh6 Rb4 15. f4 gxh6 16. Qxh6 Ne4 17. a3 Bc5+ 18. Kh1 Rd4 19. Ne2 Rxd3 20. cxd3 Nf2+ 21. Rxf2 Bxf2 22. Rf1 Qh4 23. Qxc6 Bg4 24. Qxd5 Bxe2 25. Rxf2 Rd8 26. Qg5+ Qxg5 27. fxg5 Rxd3 28. g3 Rd2 29. b4 Rd1+ 30. Kg2 Ba6 31. Rf6 Bb7+ 32. Kh3 Kg7 33. Rf4 Ra1 34. b5 Rxa3 35. Rb4 Bc8+ 36. Kh4 Kg6 37. b6 axb6 38. Rxb6+ Be6 39. Rb4 Ra5 40. g4 Rxg5 41. Rf4 Rc5 42. Rf3 Rc4 43. h3 Rb4 44. Kg3 Rb3 45. Rxb3 Bxb3 46. Kf4 Bc2 47. h4 Bb1 48. Ke5 f6+ 49. Kf4 Bc2 50. Kg3 Kf7 51. Kf4 Ke6 52. g5 f5 53. g6 Kf6 54. h5 Bb1 55. Kg3 Kg5 0-1

[Event "Quebec-ch U14"]
[Site "Montreal CAN"]
[Date "2017.03.04"]
[Round "1"]
[White "Zhong, Wenxuan"]
[Black "Huang, Qiuyu"]
[Result "1/2-1/2"]
[WhiteElo "1821"]
[BlackElo "2209"]
[WhiteFideId "-1"]
[WhiteFideId "-1"]
[PlyCount "163"]
[GameId "2160767908478326"]
[EventDate "2017.03.04"]
[EventType "swiss"]
[EventRounds "5"]
[EventCountry "CAN"]
[SourceTitle "EXT 2022"]
[Source "ChessBase"]
[SourceDate "2021.10.06"]
[SourceVersion "1"]
[SourceVersionDate "2021.10.06"]
[SourceQuality "1"]

1. e4 c5 2. Nf3 Nc6 3. c4 g6 4. d4 cxd4 5. Nxd4 Bg7 6. Be3 Nf6 7. Nc3 d6 8. Be2 O-O 9. O-O Bd7 10. Qd2 Nxd4 11. Bxd4 Bc6 12. f3 a5 13. b3 Nd7 14. Be3 Nc5 15. Rab1 e6 16. Kh1 Be5 17. Rfd1 Qh4 18. Bg1 Rfd8 19. Qe3 b6 20. Bf1 f5 21. exf5 gxf5 22. Ne2 f4 23. Qf2 Qf6 24. Nd4 Be8 25. a3 Bg6 26. Rbc1 Bxd4 27. Qxd4 Qxd4 28. Bxd4 Nxb3 29. Bxb6 Rdb8 30. Bc7 Rb7 31. Bxd6 Nxc1 32. Rxc1 Re8 33. c5 Rb1 34. Rxb1 Bxb1 35. Bxf4 e5 36. Bc4+ Kg7 37. Bb5 Re7 38. Be3 e4 39. fxe4 Rxe4 40. Bd2 Rg4 41. Bxa5 Be4 42. Bc3+ Kf8 43. Bf1 Ke7 44. Bb4 Ke6 45. h3 Rf4 46. Kg1 Bc6 47. Bd3 h5 48. Be2 h4 49. Bg4+ Kf7 50. Be1 Rc4 51. Bxh4 Rc1+ 52. Kf2 Rc2+ 53. Ke3 Bxg2 54. Kd4 Ra2 55. Bg5 Rxa3 56. Bh5+ Ke6 57. h4 Ra4+ 58. Kc3 Bd5 59. Be2 Ke5 60. Bb5 Rg4 61. Be7 Ke6 62. Bd8 Rg8 63. Bg5 Rb8 64. Bc4 Rc8 65. Kd4 Bxc4 66. Kxc4 Rf8 67. Kb5 Kd7 68. Be3 Rb8+ 69. Kc4 Kc6 70. Bd4 Rf8 71. Be3 Rf5 72. Kb4 Re5 73. Bf2 Re4+ 74. Kc3 Rf4 75. Be3 Rxh4 76. Kd3 Kd5 77. Ke2 Ke4 78. c6 Rh7 79. Bb6 Kd5 80. c7 Rh8 81. Bf2 Kc6 82. Bg3 1/2-1/2

[Event "Quebec-ch U14"]
[Site "Montreal CAN"]
[Date "2017.03.04"]
[Round "2"]
[White "Tinica, Gabriel"]
[Black "Zhong, Wenxuan"]
[Result "0-1"]
[WhiteElo "1689"]
[BlackElo "1821"]
[WhiteFideId "-1"]
[WhiteFideId "-1"]
[PlyCount "100"]
[GameId "2160767908478329"]
[EventDate "2017.03.04"]
[EventType "swiss"]
[EventRounds "5"]
[EventCountry "CAN"]
[SourceTitle "EXT 2022"]
[Source "ChessBase"]
[SourceDate "2021.10.06"]
[SourceVersion "1"]
[SourceVersionDate "2021.10.06"]
[SourceQuality "1"]

1. d4 d5 2. Nf3 Nf6 3. Bf4 e6 4. e3 Be7 5. h3 O-O 6. Bd3 Nbd7 7. Nbd2 c5 8. c3 Re8 9. Ne5 Nf8 10. Ndf3 Nh5 11. Bh2 f6 12. Ng4 c4 13. Bc2 h6 14. O-O f5 15. Nge5 Nf6 16. Nd2 Bd7 17. a4 a5 18. f3 Bc6 19. Nxc6 bxc6 20. e4 c5 21. e5 N6d7 22. Ra2 Nb8 23. f4 Nc6 24. Nf3 Qb6 25. Bg3 Ng6 26. Kh1 cxd4 27. cxd4 Rab8 28. Rf2 Nb4 29. Ra1 Nxc2 30. Qxc2 Bd8 31. Rd2 Ne7 32. Bf2 Nc6 33. Ne1 Be7 34. Qd1 Bb4 35. Rc2 Bxe1 36. Qxe1 Nb4 37. Rd2 Nd3 38. Qe3 Qa6 39. Ra2 Rb3 40. Ra3 Reb8 41. Be1 Rxa3 42. bxa3 Rb3 43. Kh2 Rxa3 44. g4 fxg4 45. hxg4 Rb3 46. f5 Nc5 47. Qf2 Ne4 48. Qh4 c3 49. Qd8+ Kh7 50. Qe8 exf5 0-1

[Event "Quebec-ch U14"]
[Site "Montreal CAN"]
[Date "2017.03.04"]
[Round "3"]
[White "Yu, Xi Ming"]
[Black "Huang, Qiuyu"]
[Result "0-1"]
[WhiteElo "1560"]
[BlackElo "2209"]
[WhiteFideId "-1"]
[WhiteFideId "-1"]
[PlyCount "76"]
[GameId "2160767908478331"]
[EventDate "2017.03.04"]
[EventType "swiss"]
[EventRounds "5"]
[EventCountry "CAN"]
[SourceTitle "EXT 2022"]
[Source "ChessBase"]
[SourceDate "2021.10.06"]
[SourceVersion "1"]
[SourceVersionDate "2021.10.06"]
[SourceQuality "1"]

1. e4 c5 2. Nf3 Nc6 3. d4 cxd4 4. Nxd4 g6 5. c4 Bg7 6. Be3 Nf6 7. Nc3 d6 8. Be2 O-O 9. O-O Bd7 10. f3 Nxd4 11. Bxd4 Bc6 12. Qd2 a5 13. b3 Nd7 14. Be3 Nc5 15. Rab1 e6 16. Rfc1 Be5 17. Bf4 Re8 18. Bf1 Qf6 19. Bg5 Qg7 20. Ne2 b6 21. Kh1 Ra7 22. Be3 Rd7 23. a3 d5 24. exd5 exd5 25. Bxc5 dxc4 26. Qe1 bxc5 27. bxc4 Qh6 28. h3 Bf4 29. Rd1 Bd2 30. Qf2 Ba4 31. Rxd2 Qxd2 32. Qxc5 Bc2 33. Ra1 Rde7 34. Ng3 Qc3 35. Rc1 Qb2 36. Qg5 Re3 37. Nh5 Qxc1 38. Nf6+ Kh8 0-1

[Event "Quebec-ch U14"]
[Site "Montreal CAN"]
[Date "2017.03.05"]
[Round "4"]
[White "Huang, Qiuyu"]
[Black "Tinica, Gabriel"]
[Result "1-0"]
[WhiteElo "2209"]
[BlackElo "1689"]
[WhiteFideId "-1"]
[WhiteFideId "-1"]
[PlyCount "53"]
[GameId "2160767908478333"]
[EventDate "2017.03.04"]
[EventType "swiss"]
[EventRounds "5"]
[EventCountry "CAN"]
[SourceTitle "EXT 2022"]
[Source "ChessBase"]
[SourceDate "2021.10.06"]
[SourceVersion "1"]
[SourceVersionDate "2021.10.06"]
[SourceQuality "1"]

1. e4 c5 2. Nf3 e6 3. d4 cxd4 4. Nxd4 Nc6 5. Nxc6 bxc6 6. Bd3 Bc5 7. O-O Ne7 8. b3 O-O 9. Bb2 Ng6 10. Qd2 e5 11. c4 a5 12. Nc3 Bd4 13. Rad1 d6 14. Ne2 c5 15. Bxd4 cxd4 16. f4 f6 17. f5 Ne7 18. Rf3 Nc6 19. a3 Qb6 20. c5 dxc5 21. Bc4+ Kh8 22. Rh3 Ba6 23. Bd5 c4 24. bxc4 d3+ 25. Kh1 dxe2 26. Qxe2 Nd4 27. Rxh7+ 1-0

[Event "Quebec-ch U14"]
[Site "Montreal CAN"]
[Date "2017.03.05"]
[Round "4"]
[White "Zhong, Wenxuan"]
[Black "Durette, Francis"]
[Result "0-1"]
[WhiteElo "1821"]
[BlackElo "2156"]
[WhiteFideId "-1"]
[WhiteFideId "-1"]
[PlyCount "108"]
[GameId "2160767908478335"]
[EventDate "2017.03.04"]
[EventType "swiss"]
[EventRounds "5"]
[EventCountry "CAN"]
[SourceTitle "EXT 2022"]
[Source "ChessBase"]
[SourceDate "2021.10.06"]
[SourceVersion "1"]
[SourceVersionDate "2021.10.06"]
[SourceQuality "1"]

1. e4 e5 2. Nf3 Nc6 3. Bc4 Bc5 4. c3 Nf6 5. d3 O-O 6. O-O d6 7. Nbd2 h6 8. Bb3 Re8 9. h3 a6 10. Re1 Be6 11. Nf1 Ba7 12. Ng3 d5 13. Qc2 Rc8 14. Be3 d4 15. cxd4 Nxd4 16. Bxd4 Bxd4 17. Nxd4 Qxd4 18. Bxe6 Rxe6 19. Nf5 Qd7 20. b4 Rb6 21. a4 Rd8 22. Qc5 Re8 23. Red1 g6 24. Nxh6+ Kg7 25. Ng4 Nxg4 26. hxg4 Rc6 27. Qe3 Qxg4 28. Rac1 Rh8 29. f3 Qh4 30. Rxc6 Qh1+ 31. Kf2 Qxd1 32. Rc1 Qxa4 33. Qc5 Re8 34. d4 b6 35. Qc3 Qb5 36. d5 Re7 37. Qc4 Qa4 38. Rc2 Qa1 39. Ra2 Qd1 40. Rxa6 Qd2+ 41. Kf1 Re8 42. Ra2 Qd1+ 43. Kf2 Rh8 44. Qc3 Rh1 45. Qxe5+ Kh7 46. Qc3 Qg1+ 47. Kg3 g5 48. Qd2 Kg6 49. f4 Qh2+ 50. Kf2 gxf4 51. Ra3 Rg1 52. Kf3 Rf1+ 53. Ke2 Qxg2+ 54. Kd3 Rf3+ 0-1

[Event "Quebec-ch U14"]
[Site "Montreal CAN"]
[Date "2017.03.05"]
[Round "5"]
[White "Durette, Francis"]
[Black "Huang, Qiuyu"]
[Result "0-1"]
[WhiteElo "2156"]
[BlackElo "2209"]
[WhiteFideId "-1"]
[WhiteFideId "-1"]
[PlyCount "110"]
[GameId "2160767908478336"]
[EventDate "2017.03.04"]
[EventType "swiss"]
[EventRounds "5"]
[EventCountry "CAN"]
[SourceTitle "EXT 2022"]
[Source "ChessBase"]
[SourceDate "2021.10.06"]
[SourceVersion "1"]
[SourceVersionDate "2021.10.06"]
[SourceQuality "1"]

1. e4 c5 2. Nf3 Nc6 3. d4 cxd4 4. Nxd4 g6 5. Nxc6 bxc6 6. Qd4 Nf6 7. e5 Nd5 8. Bc4 Qb6 9. c3 Bg7 10. O-O Qxd4 11. cxd4 Nb4 12. Na3 a5 13. Bd2 Ba6 14. Bxa6 Rxa6 15. Bxb4 axb4 16. Nc2 Rb6 17. a4 b3 18. a5 Rb5 19. Ne3 d6 20. f4 Kd7 21. Ra4 Ra8 22. a6 Ra7 23. Rfa1 f6 24. exd6 exd6 25. Kf2 f5 26. Nd1 Rd5 27. Ke3 c5 28. dxc5 dxc5 29. Nc3 Rd4 30. Nb5 Rxa4 31. Rxa4 Ra8 32. Kd3 Bxb2 33. Kc4 Kc6 34. Nc3 Bxc3 35. Kxc3 Kb5 36. Ra3 Rxa6 37. Rxb3+ Kc6 38. Rb2 Ra3+ 39. Kc2 Kd5 40. Rb7 Kc4 41. Rxh7 Ra2+ 42. Kc1 Rxg2 43. Rh3 Kd4 44. Kd1 c4 45. Rh8 Kc3 46. Rh3+ Kb2 47. Rh8 Rg1+ 48. Kd2 c3+ 49. Kd3 Rd1+ 50. Kc4 Rd7 51. Rb8+ Kc2 52. Rb6 Rc7+ 53. Kb4 Kd2 54. Rxg6 c2 55. Rg2+ Ke3 0-1

[Event "Quebec-ch U14"]
[Site "Montreal CAN"]
[Date "2017.03.05"]
[Round "5"]
[White "Tinica, Gabriel"]
[Black "Yu, Xi Ming"]
[Result "1-0"]
[WhiteElo "1689"]
[BlackElo "1560"]
[WhiteFideId "-1"]
[WhiteFideId "-1"]
[PlyCount "75"]
[GameId "2160767908478339"]
[EventDate "2017.03.04"]
[EventType "swiss"]
[EventRounds "5"]
[EventCountry "CAN"]
[SourceTitle "EXT 2022"]
[Source "ChessBase"]
[SourceDate "2021.10.06"]
[SourceVersion "1"]
[SourceVersionDate "2021.10.06"]
[SourceQuality "1"]

1. d4 Nf6 2. Nf3 e6 3. Bf4 d5 4. e3 Nbd7 5. h3 c5 6. c3 Be7 7. Bd3 b6 8. Nbd2 Bb7 9. Qc2 c4 10. Be2 b5 11. O-O Rc8 12. Ne5 a5 13. Ndf3 h6 14. Nxd7 Nxd7 15. Ne5 Nxe5 16. Bxe5 Bf6 17. f4 Bxe5 18. fxe5 O-O 19. Rf4 Rc7 20. Raf1 Re7 21. Bh5 Bc6 22. Qf2 Qc7 23. Qg3 Kh8 24. Qf3 Be8 25. Qg4 b4 26. R1f3 bxc3 27. bxc3 Qb7 28. Rg3 Qb1+ 29. Kh2 Qh7 30. Bg6 Qg8 31. Rgf3 Rb7 32. Qh4 Rb2 33. Rf6 a4 34. a3 Bd7 35. Rxf7 Rxf7 36. Bxf7 Qf8 37. Bg6 Qg8 38. Qe7 1-0

[Event "Quebec-ch U16"]
[Site "Montreal CAN"]
[Date "2017.03.04"]
[Round "1"]
[White "Ivakhin, Mikhail"]
[Black "Pan, Yu Xiang"]
[Result "1/2-1/2"]
[WhiteElo "2073"]
[BlackElo "1302"]
[WhiteFideId "-1"]
[WhiteFideId "-1"]
[PlyCount "91"]
[GameId "2160767908478340"]
[EventDate "2017.03.04"]
[EventType "swiss"]
[EventRounds "5"]
[EventCountry "CAN"]
[SourceTitle "EXT 2022"]
[Source "ChessBase"]
[SourceDate "2021.10.06"]
[SourceVersion "1"]
[SourceVersionDate "2021.10.06"]
[SourceQuality "1"]

1. e4 e5 2. d4 exd4 3. Qxd4 Nc6 4. Qe3 d6 5. Bc4 Be6 6. Bxe6 fxe6 7. Ne2 Nf6 8. Nd2 Be7 9. Nf3 O-O 10. O-O e5 11. Qb3+ Kh8 12. Ng5 Qd7 13. Nf7+ Rxf7 14. Qxf7 d5 15. Rd1 Nd8 16. Rxd5 Nxf7 17. Rxd7 Nxd7 18. c3 Nc5 19. f3 Nd3 20. Be3 Nxb2 21. Rb1 Nc4 22. Bf2 Rd8 23. Ng3 b6 24. Nf5 Ba3 25. h3 g6 26. Ng3 Nb2 27. Ne2 Rd1+ 28. Rxd1 Nxd1 29. Be1 Nd6 30. g3 h5 31. h4 Kg7 32. Kh2 Kf6 33. Bd2 a5 34. Bg5+ Ke6 35. Kh3 Nf7 36. Bd2 c5 37. f4 Nf2+ 38. Kg2 Nxe4 39. Be1 Kf5 40. Kf3 exf4 41. gxf4 c4 42. Nd4+ Kf6 43. Kxe4 Nd6+ 44. Kd5 Bc5 45. Nc6 Ba3 46. Nd4 1/2-1/2

[Event "Quebec-ch U16"]
[Site "Montreal CAN"]
[Date "2017.03.04"]
[Round "1"]
[White "Turgeon, Yoakim"]
[Black "Ouellet, Maili-Jade"]
[Result "1-0"]
[WhiteElo "1703"]
[BlackElo "2135"]
[WhiteFideId "-1"]
[WhiteFideId "-1"]
[PlyCount "123"]
[GameId "2160767908478342"]
[EventDate "2017.03.04"]
[EventType "swiss"]
[EventRounds "5"]
[EventCountry "CAN"]
[SourceTitle "EXT 2022"]
[Source "ChessBase"]
[SourceDate "2021.10.06"]
[SourceVersion "1"]
[SourceVersionDate "2021.10.06"]
[SourceQuality "1"]

1. d4 d5 2. e3 Nf6 3. Bd3 c5 4. c3 e6 5. f4 Be7 6. Nf3 Nbd7 7. O-O b6 8. Ne5 Bb7 9. Nd2 Qc8 10. Qe2 O-O 11. Ndf3 Ne4 12. Bd2 f6 13. Nxd7 Qxd7 14. Rfd1 Bd6 15. c4 cxd4 16. Nxd4 Nc5 17. cxd5 Bxd5 18. Bc4 Rac8 19. Bxd5 exd5 20. Qb5 Qb7 21. Nf5 Bb8 22. Bb4 a6 23. Qe2 Rfe8 24. Bxc5 Rxc5 25. Rd4 g6 26. Nh6+ Kg7 27. Ng4 b5 28. Rad1 Rd8 29. Qd2 Qc8 30. Nf2 Rc2 31. Qb4 Bd6 32. Qb3 Bb8 33. Rxd5 Rxd5 34. Qxd5 Rxb2 35. Ne4 Rc2 36. Qd7+ Kh6 37. Nxf6 Rc7 38. Qxc8 Rxc8 39. Rd7 Rc7 40. Rxc7 Bxc7 41. Nd5 Bd6 42. e4 a5 43. e5 Bc5+ 44. Kf1 b4 45. Ke2 Kg7 46. g4 Kf7 47. f5 a4 48. Kd3 b3 49. axb3 axb3 50. e6+ Ke8 51. Kc3 Bd6 52. h3 h5 53. Kxb3 hxg4 54. hxg4 gxf5 55. gxf5 Be5 56. Kc4 Kf8 57. Kc5 Ke8 58. Kc6 Kd8 59. f6 Bxf6 60. Nxf6 Ke7 61. Kd5 Kxf6 62. Kd6 1-0

[Event "Quebec-ch U16"]
[Site "Montreal CAN"]
[Date "2017.03.04"]
[Round "2"]
[White "Johnson-Constantin, Mathieu"]
[Black "Turgeon, Yoakim"]
[Result "1-0"]
[WhiteElo "1985"]
[BlackElo "1703"]
[WhiteFideId "-1"]
[WhiteFideId "-1"]
[PlyCount "91"]
[GameId "2160767908478343"]
[EventDate "2017.03.04"]
[EventType "swiss"]
[EventRounds "5"]
[EventCountry "CAN"]
[SourceTitle "EXT 2022"]
[Source "ChessBase"]
[SourceDate "2021.10.06"]
[SourceVersion "1"]
[SourceVersionDate "2021.10.06"]
[SourceQuality "1"]

1. f4 d5 2. Nf3 e6 3. b3 f5 4. Bb2 Nf6 5. e3 Bd6 6. Be2 Qe7 7. d3 Nbd7 8. Ne5 O-O 9. Nd2 Bc5 10. d4 Bd6 11. c4 Ne4 12. Nxe4 fxe4 13. O-O c6 14. c5 Bc7 15. Bc3 Nxe5 16. fxe5 Bd7 17. Bg4 Rxf1+ 18. Qxf1 Rf8 19. Qe2 Qg5 20. Be1 Bd8 21. Bg3 Qh6 22. Bf4 Bg5 23. Bxg5 Qxg5 24. b4 g6 25. a4 h5 26. Bh3 Rf3 27. Re1 Rxh3 28. Kh1 Rh4 29. h3 Qg3 30. Rf1 g5 31. Qf2 Qxf2 32. Rxf2 g4 33. Kh2 gxh3 34. gxh3 Be8 35. Kg3 Rxh3+ 36. Kxh3 Bg6 37. Kh4 Kh7 38. Rf6 Kg7 39. Rxe6 Kf7 40. Rf6+ Kg7 41. Kg5 Be8 42. Rh6 Kg8 43. Kf6 Bf7 44. e6 Be8 45. e7 Bf7 46. Rh8+ 1-0